00774nam a2200217Ia 450000500170000000800410001702000150005804000180007304100080009110000370009924501300013626000440026630000330031049000540034350400270039765000220042465000190044665000310046565000270049670000330052320211111074513.0130821s2002 sp a gr spa  a8497040279 aCo-BoUCMbspa00aspa1 aJiménez Pelayo, Jesúsd1969-13aEl catálogo de autoridades creación y gestión de unidades documentalescJesús Jiménez Pelayo, Rosa García Blanco aMadrid (España)bEdiciones Treac2002 a630 páginasbilustraciones aBiblioteconomía y Administración Culturalv56 aIncluye bibliografía04aBibliotecología04aCatalogación04aEncabezamientos de materia04aRegistros de autoridad1 aGarcía Blanco, Rosad1965-